Actas Resumidas. (Record no. 133066)

MARC details
000 -CABECERA
campo de control de longitud fija 00606nam a2200193 a 4500
005 - FECHA Y HORA DE LA ÚLTIMA TRANSACCIÓN
campo de control 20210219160215.0
008 - ELEMENTOS DE LONGITUD FIJA--INFORMACIÓN GENERAL
campo de control de longitud fija 080925s2000 mx r 000 0 spa d
035 ## - NÚMERO DE CONTROL DEL SISTEMA
Número de control de sistema UPN01000160953
049 ## - COLECCIÓN
Colección UNE
080 ## - NÚMERO DE CLASIFICACIÓN DECIMAL UNIVERSAL
Número de la Clasificación Decimal Universal DO 341.16: 001 (093.2) 1973RES 92a.
110 2# - ASIENTO PRINCIPAL--NOMBRE CORPORATIVO
Nombre de entidad corporativa o nombre de jurisdicción como elemento de entrada UNESCO. Consejo Ejecutivo, 92a.; París : 1973.
245 10 - MENCIÓN DE TÍTULO
Título Actas Resumidas.
260 ## - PUBLICACIÓN, DISTRIBUCIÓN, ETC.
Lugar de publicación, distribución, etc. París : UNESCO, 1973.
300 ## - DESCRIPCIÓN FÍSICA
Extensión 201 p.
500 ## - NOTA GENERAL
Nota general Incluye texto en inglés, francés, ruso y español
690 ## - PUNTO DE ACCESO ADICIONAL DE MATERIA LOCAL--TÉRMINO DE MATERIA (OCLC, RLIN)
Término de materia o nombre geográfico como elemento inicial Acuerdos- Consejo ejecutivo de la UNESCO
690 ## - PUNTO DE ACCESO ADICIONAL DE MATERIA LOCAL--TÉRMINO DE MATERIA (OCLC, RLIN)
Término de materia o nombre geográfico como elemento inicial Consejo ejecutivo de la UNESCO- Acuerdos
905 ## - TIPO DE MATERIAL
Tipo de material UNESCO

No items available.